000
00513nam a2200133Ia 4500
008
100328s9999 xx 000 0 und d
082
_b
60260
100
_a
थत्ते सुाीर
245
_a
नोबेलनगरीतील नवलस्वप्ने 2002.
260
_b
गं्रथाली.
630
_a
नोबेलनगरीतील नवलस्वप्ने 2002.
730
_a
नोबेलनगरीतील नवलस्वप्ने 2002.
942
_c
BOOK
999
_c
546422
_d
546419